100 câu chuyện để học sinh biết được công ơn cha mẹ
Chọn lọc 100 câu chuyện cảm động dành cho lứa tuổi học sinh trung học. Đó là những câu chuyện cảm động kể về tình thương cha mẹ dành cho con. Qua đó nhằm khơi dậy tình cảm biết ơn cha mẹ của những người ở lứa tuổi thanh thiếu niên....
Bewaard in:
| Formaat: | Boek |
|---|---|
| Taal: | Undetermined |
| Gepubliceerd in: |
Hà Nội
Đại học Quốc gia Hà Nội
2010
|
| Onderwerpen: | |
| Tags: |
Voeg label toe
Geen labels, Wees de eerste die dit record labelt!
|
| Thư viện lưu trữ: | Trung tâm Học liệu Trường Đại học Cần Thơ |
|---|
| LEADER | 01011nam a2200205Ia 4500 | ||
|---|---|---|---|
| 001 | CTU_160934 | ||
| 008 | 210402s9999 xx 000 0 und d | ||
| 020 | |c 74000 | ||
| 082 | |a 155.5 | ||
| 082 | |b M458 | ||
| 245 | 0 | |a 100 câu chuyện để học sinh biết được công ơn cha mẹ | |
| 245 | 0 | |c Thanh Vân, Hoàng Lâm (Sưu tầm, tuyển chọn) | |
| 260 | |a Hà Nội | ||
| 260 | |b Đại học Quốc gia Hà Nội | ||
| 260 | |c 2010 | ||
| 520 | |a Chọn lọc 100 câu chuyện cảm động dành cho lứa tuổi học sinh trung học. Đó là những câu chuyện cảm động kể về tình thương cha mẹ dành cho con. Qua đó nhằm khơi dậy tình cảm biết ơn cha mẹ của những người ở lứa tuổi thanh thiếu niên. | ||
| 650 | |a Youth,Thanh niên | ||
| 650 | |x Psychology,Tâm lý học | ||
| 904 | |i Thao, Hải | ||
| 980 | |a Trung tâm Học liệu Trường Đại học Cần Thơ | ||